000310845 001__ 310845
000310845 005__ 20240928181556.0
000310845 0247_ $$aG:(GEPRIS)58488612$$d58488612
000310845 035__ $$aG:(GEPRIS)58488612
000310845 040__ $$aGEPRIS$$chttp://gepris.its.kfa-juelich.de
000310845 150__ $$aP2X-Rezeptoren - von der molekularen Struktur zur physiologischen Funktion$$y2008 - 2013
000310845 371__ $$aProfessorin Dr. Annette Nicke
000310845 450__ $$aDFG project G:(GEPRIS)58488612$$wd$$y2008 - 2013
000310845 5101_ $$0I:(DE-588b)2007744-0$$aDeutsche Forschungsgemeinschaft$$bDFG
000310845 680__ $$aDas Ziel des Heisenberg-Programms ist es, herausragenden Wissenschaftlerinnen und Wissenschaftlern, die alle Voraussetzungen für die Berufung auf eine Langzeit-Professur erfüllen, zu ermöglichen, sich auf eine wissenschaftliche Leitungsfunktion vorzubereiten und in dieser Zeit weiterführende Forschungsthemen zu bearbeiten. In der Verfolgung dieses Ziels müssen nicht immer projektförmige Vorgehensweisen gewählt und realisiert werden. Aus diesem Grunde wird bei der Antragstellung und auch später bei der Abfassung von Abschlussberichten - anders als bei anderen Förderinstrumenten - keine "Zusammenfassung" von Projektbeschreibungen und Projektergebnissen verlangt. Somit werden solche Informationen auch in GEPRIS nicht zur Verfügung gestellt.
000310845 909CO $$ooai:juser.fz-juelich.de:977720$$pauthority$$pauthority:GRANT
000310845 909CO $$ooai:juser.fz-juelich.de:977720
000310845 980__ $$aG
000310845 980__ $$aAUTHORITY